| 000 | 00828nam a2200253 i 4500 | ||
|---|---|---|---|
| 001 | 189286 | ||
| 003 | SpMaBN | ||
| 005 | 20251002195453.0 | ||
| 008 | 190521s1969 sp |||| | spa d | ||
| 080 | _a221.017 | ||
| 100 | 1 |
_aImschoot, P. van. _9167066 |
|
| 245 | 1 | 0 |
_aTeología del Antiguo Testamento / _cP. van Imschoot ; prólogo de Lucien Cerfaux ; [traducción por José Cosgaya]. |
| 260 |
_aMadrid : _bFax, _c[1969] |
||
| 300 |
_a842 p. ; _c23 cm. |
||
| 490 | 1 |
_aActualidad bíblica ; _v12 |
|
| 500 | _aÍndice. | ||
| 504 | _aBibliografía: p. [22]-25. | ||
| 650 | 0 | 7 |
_aTeología bíblica _2embne _917465 |
| 700 | 1 |
_aCerfaux, Lucien, _d1883-1968 _937517 |
|
| 700 | 1 |
_aCosgaya, José. _940993 |
|
| 830 | 0 |
_aActualidad bíblica ; _v12 _9193281 |
|
| 852 |
_aES-MaACL _jJ-9(12) |
||
| 999 |
_c189286 _d189286 |
||